[Event "32nd NED-ch"]
[Site "Leeuwarden NED"]
[Date "1976.04.22"]
[Round "7"]
[White "Van der Weide, Piet"]
[Black "Witt, Rob"]
[Result "0-1"]
[WhiteElo "2290"]
[BlackElo "2260"]
[EventDate "1976.04.15"]
[PlyCount "90"]

1.e4 g6 2.d4 Bg7 3.c3 d5 4.Nd2 c6 5.Ngf3 dxe4 6.Nxe4 Nd7 7.Bc4 Nb6 8.Bb3 
Nf6 9.Nxf6+ exf6 10.Qe2+ Qe7 11.Qxe7+ Kxe7 12.O-O Re8 13.Bf4 Be6 14.Bc2 
Nd5 15.Bd2 Bg4 16.c4 Nc7 17.d5 cxd5 18.Bb4+ Kd8 19.cxd5 Bxf3 20.gxf3 f5 
21.d6 Na6 22.Bd2 Be5 23.Bb3 f6 24.Bd5 Rb8 25.Rfd1 f4 26.Bf7 Rf8 27.Bc4 Nc5
28.b4 Nd7 29.Rab1 b5 30.Bb3 Rb6 31.a4 a6 32.axb5 axb5 33.Rdc1 Rxd6 34.Bc3 
Rd3 35.Bxe5 Nxe5 36.Rc5 Nxf3+ 37.Kg2 Nd2 38.Rd1 f3+ 39.Kh3 Re8 40.Bd5 Re5 
41.Bc6 Rxc5 42.bxc5 b4 43.Ba4 Rd4 44.Re1 Ne4 45.c6 h5 0-1

[Event "32nd NED-ch"]
[Site "Leeuwarden NED"]
[Date "1976.04.23"]
[Round "8"]
[White "Donner, Jan"]
[Black "Kuijpers, Franciscus"]
[Result "1/2-1/2"]
[WhiteElo "2475"]
[BlackElo "2430"]
[EventDate "1976.04.15"]
[PlyCount "83"]

1.d4 Nf6 2.c4 e6 3.Nc3 Bb4 4.e3 O-O 5.Bd3 d5 6.Nf3 c5 7.O-O Nc6 8.a3 Bxc3 
9.bxc3 Qc7 10.cxd5 exd5 11.Nh4 Ne7 12.a4 Re8 13.Ba3 c4 14.Bxe7 Rxe7 15.Bc2
Bd7 16.Nf5 Bxf5 17.Bxf5 g6 18.Bc2 Ne4 19.Bxe4 Rxe4 20.Rb1 Rd8 21.Rb5 a6 
22.Rc5 Qd7 23.a5 Rc8 24.Rxc8+ Qxc8 25.Qb1 Qc7 26.Qb4 Re7 27.Rb1 Kg7 28.Qb6
Qd7 29.Qc5 Re6 30.h3 Rc6 31.Qa7 Rc7 32.Qb8 h5 33.Rb2 Qe7 34.Rb4 Kh7 35.Kh1
h4 36.f3 f5 37.Rb6 Kg7 38.Re6 Qxe6 39.Qxc7+ Kf6 40.Qd8+ Kg7 41.Qg5 b6 42.
axb6 1/2-1/2

[Event "32nd NED-ch"]
[Site "Leeuwarden NED"]
[Date "1976.04.23"]
[Round "8"]
[White "Ligterink, Gert"]
[Black "Baljon, Christofoor"]
[Result "1-0"]
[WhiteElo "2400"]
[BlackElo "2210"]
[EventDate "1976.04.15"]
[PlyCount "113"]

1.Nf3 Nf6 2.g3 g6 3.b3 Bg7 4.Bb2 O-O 5.Bg2 d6 6.d4 e5 7.dxe5 Ng4 8.h3 Nxe5
9.Nxe5 Bxe5 10.Bxe5 dxe5 11.Qxd8 Rxd8 12.Nd2 a5 13.O-O-O Ra6 14.Nc4 Re8 
15.Nxe5 Rae6 16.Ng4 h5 17.Ne3 Na6 18.Bf3 a4 19.h4 Re5 20.Rd5 Rxd5 21.Nxd5 
Kg7 22.Rd1 c6 23.Nb6 axb3 24.axb3 Bg4 25.Bxg4 hxg4 26.e3 Nc5 27.Nc4 Ra8 
28.Nd6 Ra1+ 29.Kd2 Ra2 30.Kc3 b5 31.Rd4 f5 32.e4 Kf6 33.exf5 gxf5 34.b4 
Ne6 35.Rd3 Nc7 36.Kb3 Ra1 37.f3 Nd5 38.fxg4 fxg4 39.Ne4+ Kf5 40.Nc3 Nb6 
41.Kb2 Rg1 42.Ne2 Nc4+ 43.Kc3 Ra1 44.Kd4 Ne5 45.Re3 Rd1+ 46.Kc3 Nf3 47.Re8
Rd2 48.Rf8+ Ke4 49.Rxf3 gxf3 50.Kxd2 f2 51.g4 f1=N+ 52.Kc3 Ne3 53.g5 Nd5+ 
54.Kb3 Ne7 55.Kc3 Nd5+ 56.Kb3 Ne7 57.h5 1-0

[Event "32nd NED-ch"]
[Site "Leeuwarden NED"]
[Date "1976.04.23"]
[Round "8"]
[White "Ree, Hans"]
[Black "Van der Weide, Piet"]
[Result "1-0"]
[WhiteElo "2420"]
[BlackElo "2290"]
[EventDate "1976.04.15"]
[PlyCount "79"]

1.d4 f5 2.Nf3 Nf6 3.g3 g6 4.b3 Bg7 5.Bb2 d6 6.Bg2 O-O 7.O-O Nh5 8.e3 Nc6 
9.Nc3 a6 10.Qe2 Kh8 11.Rad1 Nf6 12.Rfe1 d5 13.Ne5 e6 14.Nxc6 bxc6 15.Na4 
Qe8 16.c4 g5 17.Rc1 Ne4 18.f3 Nd6 19.cxd5 exd5 20.Qc2 Bd7 21.Nc5 Bc8 22.
Nd3 Bb7 23.Ne5 Rc8 24.Nxc6 Rf7 25.Ne5 Re7 26.Qd2 h5 27.Rc5 h4 28.g4 fxg4 
29.fxg4 Re6 30.Rf1 Bxe5 31.dxe5 Ne4 32.Bxe4 dxe4 33.Rf5 Rd8 34.Bd4 Qe7 35.
Qc1 Rd7 36.Qf1 Kg7 37.Rf6 Rxd4 38.exd4 e3 39.Qf5 e2 40.Kf2 1-0

[Event "32nd NED-ch"]
[Site "Leeuwarden NED"]
[Date "1976.04.23"]
[Round "8"]
[White "Timman, Jan"]
[Black "Van der Vliet, Fredrik"]
[Result "1/2-1/2"]
[WhiteElo "2550"]
[BlackElo "2320"]
[EventDate "1976.04.15"]
[PlyCount "87"]

1.c4 g6 2.e4 Bg7 3.d4 d6 4.Nc3 Nd7 5.f4 e5 6.Nf3 exd4 7.Nxd4 Ngf6 8.Be2 
O-O 9.O-O c6 10.Kh1 Re8 11.Bf3 Nc5 12.Re1 Qb6 13.Nc2 a5 14.Rb1 Ng4 15.Be3 
Nxe3 16.Rxe3 Be6 17.b3 f5 18.Qe1 fxe4 19.Nxe4 Nxe4 20.Bxe4 Bf7 21.Rd1 Qc5 
22.Rd2 a4 23.Rde2 axb3 24.axb3 Rf8 25.Bd3 Bf6 26.b4 Qb6 27.g4 d5 28.c5 Qc7
29.g5 Bg7 30.Qh4 Rfe8 31.f5 Rxe3 32.Rxe3 Re8 33.Rh3 gxf5 34.Qxh7+ Kf8 35.
Rf3 f4 36.Qf5 Qe5 37.Qxf4 Qxf4 38.Rxf4 Be5 39.Rf1 Kg7 40.Ne3 Bg6 41.Nf5+ 
Bxf5 42.Bxf5 Bc3 43.b5 cxb5 44.Bd7 1/2-1/2

[Event "32nd NED-ch"]
[Site "Leeuwarden NED"]
[Date "1976.04.23"]
[Round "8"]
[White "Witt, Rob"]
[Black "Hartoch, Robert"]
[Result "1/2-1/2"]
[WhiteElo "2260"]
[BlackElo "2365"]
[EventDate "1976.04.15"]
[PlyCount "45"]

1.Nf3 g6 2.e4 Bg7 3.d4 d6 4.Be2 Nf6 5.Nc3 O-O 6.O-O Nc6 7.h3 Re8 8.Bg5 h6 
9.Be3 e5 10.d5 Ne7 11.Qd2 Kh7 12.Ne1 Nfg8 13.f4 exf4 14.Bxf4 f5 15.exf5 
Nxf5 16.Bd3 Nf6 17.Nf3 Nh5 18.Bh2 Nf6 19.Rae1 Bd7 20.g4 Rxe1 21.Rxe1 Ne7 
22.Qe2 Neg8 23.Qe3 1/2-1/2

[Event "32nd NED-ch"]
[Site "Leeuwarden NED"]
[Date "1976.04.25"]
[Round "9"]
[White "Baljon, Christofoor"]
[Black "Witt, Rob"]
[Result "0-1"]
[WhiteElo "2210"]
[BlackElo "2260"]
[EventDate "1976.04.15"]
[PlyCount "80"]

1.e4 e6 2.Nf3 d5 3.e5 c5 4.b4 cxb4 5.a3 Nc6 6.axb4 Bxb4 7.c3 Bf8 8.d4 f5 
9.Bd3 g6 10.g4 Nce7 11.h3 Bd7 12.O-O Nh6 13.Ng5 Nf7 14.c4 Nxg5 15.Bxg5 Bc6
16.Nc3 Qd7 17.Qb3 h6 18.Bf6 Rg8 19.Rfe1 a6 20.Nb5 Bxb5 21.cxb5 a5 22.b6 
Nc6 23.Bb5 Bb4 24.Re3 Rc8 25.Kh1 Qf7 26.Rg3 Kd7 27.Rag1 f4 28.Rf3 g5 29.h4
Be7 30.Bxe7 Qxe7 31.h5 Kd8 32.Qd3 Rg7 33.Ra1 Qb4 34.Ra4 Qe1+ 35.Kg2 Nb4 
36.Qf1 Qd2 37.Qe2 Qxd4 38.Rxa5 Qxb6 39.Rfa3 Nc6 40.R3a4 Nxa5 0-1

[Event "32nd NED-ch"]
[Site "Leeuwarden NED"]
[Date "1976.04.25"]
[Round "9"]
[White "Enklaar, Bertus"]
[Black "Donner, Jan"]
[Result "0-1"]
[WhiteElo "2410"]
[BlackElo "2475"]
[EventDate "1976.04.15"]
[PlyCount "34"]

1.e4 d6 2.d4 Nf6 3.Nc3 g6 4.f4 Bg7 5.Nf3 O-O 6.Be3 Nbd7 7.e5 Ng4 8.Bd2 c5 
9.exd6 cxd4 10.Nxd4 Nf2 11.Qe2 e5 12.Qxf2 exd4 13.Nd5 Nc5 14.Ne7+ Kh8 15.
Nxc8 Rxc8 16.O-O-O Qb6 17.Re1 d3 0-1

[Event "32nd NED-ch"]
[Site "Leeuwarden NED"]
[Date "1976.04.25"]
[Round "9"]
[White "Hartoch, Robert"]
[Black "Ree, Hans"]
[Result "1-0"]
[WhiteElo "2365"]
[BlackElo "2420"]
[EventDate "1976.04.15"]
[PlyCount "61"]

1.f4 d5 2.g3 g6 3.Bg2 Bg7 4.Nf3 Nf6 5.O-O O-O 6.d3 Nc6 7.c3 Re8 8.Na3 e5 
9.fxe5 Nxe5 10.Nxe5 Rxe5 11.Bf4 Re6 12.Qd2 c6 13.Nc2 Nh5 14.Be3 Re8 15.Rf2
f5 16.Raf1 Qd6 17.Nd4 Bd7 18.Bh6 c5 19.Nf3 Bxh6 20.Qxh6 Nf6 21.Ng5 Re7 22.
Bh3 Rf8 23.g4 fxg4 24.Bg2 Rg7 25.c4 g3 26.hxg3 Bf5 27.Bxd5+ Kh8 28.Rf4 Ng4
29.Rxg4 Bxg4 30.Rxf8+ Qxf8 31.Nxh7 1-0

[Event "32nd NED-ch"]
[Site "Leeuwarden NED"]
[Date "1976.04.25"]
[Round "9"]
[White "Van der Weide, Piet"]
[Black "Timman, Jan"]
[Result "1/2-1/2"]
[WhiteElo "2290"]
[BlackElo "2550"]
[EventDate "1976.04.15"]
[PlyCount "80"]

1.e4 c5 2.Nf3 Nc6 3.c3 Nf6 4.e5 Nd5 5.d4 cxd4 6.cxd4 d6 7.exd6 Qxd6 8.Nc3 
e6 9.Bb5 Be7 10.O-O O-O 11.Re1 Nf6 12.Bg5 Rd8 13.Bxf6 gxf6 14.d5 exd5 15.
Nxd5 Bf8 16.Ne3 Qxd1 17.Rexd1 Be6 18.b3 Nb4 19.Nd4 Bc5 20.Nxe6 fxe6 21.Rd7
Bxe3 22.fxe3 Rxd7 23.Bxd7 Kf7 24.Rc1 Ke7 25.Bb5 a6 26.Rc7+ Kd6 27.Rd7+ Ke5
28.Be2 b5 29.a4 Nd5 30.Kf2 Rc8 31.axb5 axb5 32.Bxb5 Rc2+ 33.Kf3 Rc3 34.Bc4
h6 35.Bxd5 exd5 36.b4 Rb3 37.Re7+ Kd6 38.Re8 Rxb4 39.g4 h5 40.h3 hxg4+ 
1/2-1/2

[Event "32nd NED-ch"]
[Site "Leeuwarden NED"]
[Date "1976.04.26"]
[Round "10"]
[White "Donner, Jan"]
[Black "Ligterink, Gert"]
[Result "1-0"]
[WhiteElo "2475"]
[BlackElo "2400"]
[EventDate "1976.04.15"]
[PlyCount "77"]

1.d4 Nf6 2.c4 g6 3.g3 Bg7 4.Bg2 O-O 5.Nc3 d6 6.Nf3 Nc6 7.O-O a6 8.d5 Na5 
9.b3 c5 10.Bb2 Rb8 11.Nd2 b5 12.Qc2 bxc4 13.bxc4 Bh6 14.f4 e5 15.Rae1 exf4
16.gxf4 Nh5 17.e3 Bg7 18.Nd1 Bf5 19.Be4 Bxb2 20.Nxb2 Qf6 21.Nd3 Rfe8 22.
Bxf5 Qxf5 23.Rf2 Nf6 24.Qc3 Ne4 25.Nxe4 Qxe4 26.Rc2 Rb4 27.Nxb4 cxb4 28.
Qd2 Nxc4 29.Qg2 Qxg2+ 30.Kxg2 Nb6 31.Rd2 f5 32.Rc1 Nd7 33.Rc6 Nc5 34.Rd4 
Rxe3 35.Rxd6 Re2+ 36.Kf3 Rxa2 37.Rxb4 Ra3+ 38.Ke2 Kf7 39.Rc6 1-0

[Event "32nd NED-ch"]
[Site "Leeuwarden NED"]
[Date "1976.04.26"]
[Round "10"]
[White "Enklaar, Bertus"]
[Black "Van der Vliet, Fredrik"]
[Result "1-0"]
[WhiteElo "2410"]
[BlackElo "2320"]
[EventDate "1976.04.15"]
[PlyCount "143"]

1.d4 Nf6 2.Bg5 e6 3.Nc3 h6 4.Bxf6 Qxf6 5.e4 d6 6.Qd2 c6 7.Nf3 Nd7 8.O-O-O 
Qd8 9.g4 Be7 10.h4 a6 11.Bg2 b5 12.g5 Nb6 13.Qf4 Ra7 14.Bh3 b4 15.Ne2 a5 
16.g6 f6 17.Qe3 Nc4 18.Qd3 d5 19.Nf4 Qd6 20.Nh5 O-O 21.exd5 cxd5 22.b3 Na3
23.Rd2 Rc7 24.Qe2 Bd7 25.Ne1 Rfc8 26.f4 Kh8 27.Rh2 Rc3 28.Qd1 a4 29.Kb2 
axb3 30.cxb3 Qc7 31.Nc2 Re3 32.Rd3 Rxd3 33.Qxd3 Bb5 34.Qd2 Qd6 35.Ne3 Be8 
36.Rg2 Rc3 37.Rg1 Qc6 38.f5 exf5 39.Bxf5 Bd6 40.Nxf6 Bf4 41.Nfxd5 Qxd5 42.
Nxd5 Bxd2 43.Nxc3 Bxc3+ 44.Kc1 Kg8 45.d5 Nb5 46.Rg4 Kf8 47.Bd3 Bd7 48.Re4 
Nd6 49.Rf4+ Ke7 50.Kc2 Nb7 51.a3 Kd6 52.axb4 Be5 53.Rf7 Nd8 54.Rf8 Kc7 55.
b5 Nb7 56.Rf7 Kd6 57.b4 h5 58.Kb3 Nd8 59.Rf8 Ke7 60.Rg8 Nb7 61.b6 Nd6 62.
Ra8 Bc8 63.Ba6 Bxa6 64.Rxa6 Kd7 65.Ra8 Bd4 66.Rg8 Ke7 67.Kc2 Kf6 68.Rd8 
Ke5 69.Rd7 Bxb6 70.Rxg7 Kf6 71.Rd7 Nf5 72.g7 1-0

[Event "32nd NED-ch"]
[Site "Leeuwarden NED"]
[Date "1976.04.26"]
[Round "10"]
[White "Ree, Hans"]
[Black "Baljon, Christofoor"]
[Result "1-0"]
[WhiteElo "2420"]
[BlackElo "2210"]
[EventDate "1976.04.15"]
[PlyCount "69"]

1.d4 Nf6 2.c4 g6 3.Nc3 Bg7 4.e4 O-O 5.e5 Ne8 6.Nf3 d6 7.Bf4 Bg4 8.h3 Bxf3 
9.Qxf3 Nc6 10.O-O-O Qc8 11.Qe3 dxe5 12.dxe5 Qe6 13.Rd5 f6 14.exf6 Qxf6 15.
g3 Nd6 16.Rd2 e5 17.Bg5 Qf7 18.Qc5 Nd4 19.Be3 Kh8 20.g4 Nf3 21.Rd1 Rad8 
22.Bd3 b6 23.Qb4 Nd4 24.h4 Qf3 25.Rhg1 Qc6 26.h5 e4 27.h6 Be5 28.Bxe4 Nxe4
29.Bxd4 Bxd4 30.Rxd4 Nc5 31.Nd5 Rf3 32.Rgd1 Qd6 33.Qe1 Ne6 34.Re4 Nc5 35.
Re3 1-0

[Event "32nd NED-ch"]
[Site "Leeuwarden NED"]
[Date "1976.04.26"]
[Round "10"]
[White "Witt, Rob"]
[Black "Kuijpers, Franciscus"]
[Result "1/2-1/2"]
[WhiteElo "2260"]
[BlackElo "2430"]
[EventDate "1976.04.15"]
[PlyCount "81"]

1.d4 Nf6 2.c4 e6 3.Nf3 d5 4.Nc3 Be7 5.Bg5 h6 6.Bh4 O-O 7.e3 b6 8.Bd3 Bb7 
9.Bxf6 Bxf6 10.cxd5 exd5 11.O-O c5 12.dxc5 bxc5 13.Qb3 Bc6 14.Be2 Nd7 15.
Nxd5 Rb8 16.Nxf6+ Qxf6 17.Qc3 Rxb2 18.Qxf6 Nxf6 19.Ne5 Bxg2 20.Kxg2 Rxe2 
21.Kf3 Rd2 22.Rfc1 Rc8 23.Nc4 Rd5 24.Rab1 Rc7 25.Rb8+ Kh7 26.Rcb1 g5 27.h3
Kg7 28.a4 Rdd7 29.a5 Nd5 30.Rd1 Nb4 31.Rxd7 Rxd7 32.Rc8 Rd5 33.Rc7 a6 34.
e4 Rd3+ 35.Ne3 Rd2 36.Nf5+ Kg6 37.Rb7 Rd3+ 38.Kg2 h5 39.Rb6+ Kh7 40.Rh6+ 
Kg8 41.Rxh5 1/2-1/2

[Event "32nd NED-ch"]
[Site "Leeuwarden NED"]
[Date "1976.04.28"]
[Round "11"]
[White "Kuijpers, Franciscus"]
[Black "Ree, Hans"]
[Result "1/2-1/2"]
[WhiteElo "2430"]
[BlackElo "2420"]
[EventDate "1976.04.15"]
[PlyCount "63"]

1.e4 c5 2.Nc3 d6 3.g3 Nc6 4.Bg2 g6 5.d3 Bg7 6.f4 e6 7.Nf3 Nge7 8.O-O O-O 
9.Be3 Nd4 10.Rb1 d5 11.Ne2 Nxf3+ 12.Bxf3 d4 13.Bf2 e5 14.c4 Nc6 15.a3 a5 
16.b3 Qd6 17.Be1 Bh3 18.Rf2 f5 19.Bd2 Rae8 20.Kh1 fxe4 21.Bxe4 Bf5 22.Bxf5
gxf5 23.fxe5 Nxe5 24.Nf4 Bh6 25.h3 Rf7 26.Kh2 Ng6 27.Qh5 Bxf4 28.Bxf4 Nxf4
29.gxf4 Re6 30.Rg1+ Rg6 31.Re1 Qb6 32.Re8+ 1/2-1/2

[Event "32nd NED-ch"]
[Site "Leeuwarden NED"]
[Date "1976.04.28"]
[Round "11"]
[White "Ligterink, Gert"]
[Black "Witt, Rob"]
[Result "1-0"]
[WhiteElo "2400"]
[BlackElo "2260"]
[EventDate "1976.04.15"]
[PlyCount "95"]

1.e4 e6 2.d4 d5 3.Nd2 Nf6 4.e5 Nfd7 5.Bd3 c5 6.c3 Nc6 7.Ne2 cxd4 8.cxd4 f6
9.exf6 Nxf6 10.O-O Bd6 11.Nf3 Qc7 12.Nc3 a6 13.Bg5 O-O 14.Bh4 Bd7 15.Bg3 
Rae8 16.Rc1 Qb8 17.Re1 Bxg3 18.hxg3 e5 19.dxe5 Nxe5 20.Be2 Qd6 21.Qb3 Bc6 
22.Nxe5 Rxe5 23.Bf3 Rfe8 24.Rxe5 Qxe5 25.Rd1 Rd8 26.Ne2 Qe8 27.Qb4 Qf8 28.
Qa5 Rd6 29.Nd4 Qc8 30.Re1 Qd7 31.Qb4 h6 32.b3 Kh7 33.a4 Ng8 34.a5 Rf6 35.
Re5 Rd6 36.Qe1 Rf6 37.Qe2 Rf7 38.Bg4 Qc7 39.Be6 Rf6 40.Nf5 Bb5 41.Qg4 g6 
42.Bxg8+ Kxg8 43.Nxh6+ Kh7 44.Qh4 Kg7 45.Ng4 Qc1+ 46.Kh2 Rf7 47.Rg5 Rf8 
48.Qh6+ 1-0

[Event "32nd NED-ch"]
[Site "Leeuwarden NED"]
[Date "1976.04.28"]
[Round "11"]
[White "Van der Vliet, Fredrik"]
[Black "Donner, Jan"]
[Result "1-0"]
[WhiteElo "2320"]
[BlackElo "2475"]
[EventDate "1976.04.15"]
[PlyCount "81"]

1.e4 c5 2.Nf3 d6 3.d4 cxd4 4.Nxd4 Nf6 5.Nc3 a6 6.Bg5 e6 7.f4 Be7 8.Qf3 Qc7
9.O-O-O Nbd7 10.Qg3 b5 11.Bxb5 axb5 12.Ndxb5 Qc5 13.e5 O-O 14.exf6 Nxf6 
15.Nxd6 Nh5 16.Qf3 Bxg5 17.fxg5 Qxg5+ 18.Kb1 Rb8 19.Nce4 Qe5 20.Qc3 Qxc3 
21.Nxc3 Bd7 22.Rhe1 Bc6 23.g3 Nf6 24.b3 Rfd8 25.Nc4 Rdc8 26.Ne5 Be8 27.Kb2
Rc7 28.Rd4 Kf8 29.a4 Ng8 30.Rc4 Rxc4 31.Nxc4 Ke7 32.a5 Nf6 33.Nb6 Kd6 34.
b4 Nd7 35.Ne4+ Kc7 36.Nxd7 Bxd7 37.Kb3 Bc6 38.Nc5 Kd6 39.c4 e5 40.Rd1+ Kc7
41.Na6+ 1-0

[Event "32nd NED-ch"]
[Site "Leeuwarden NED"]
[Date "1976.04.28"]
[Round "11"]
[White "Van der Weide, Piet"]
[Black "Enklaar, Bertus"]
[Result "1/2-1/2"]
[WhiteElo "2290"]
[BlackElo "2410"]
[EventDate "1976.04.15"]
[PlyCount "124"]

1.e4 c6 2.d4 d5 3.exd5 cxd5 4.Bd3 Nc6 5.c3 Nf6 6.h3 g6 7.Nf3 Bg7 8.O-O O-O
9.Re1 Bf5 10.Bxf5 gxf5 11.Bf4 Ne4 12.Nbd2 e6 13.Nb3 b5 14.Rc1 Qe7 15.Ne5 
Nxe5 16.dxe5 Qh4 17.Qf3 Bh6 18.Bxh6 Qxh6 19.Nd4 Kh8 20.Kh2 b4 21.cxb4 Qd2 
22.Qe3 Qxf2 23.Qxf2 Nxf2 24.Rc3 Rfb8 25.a3 a5 26.b5 a4 27.Rec1 Rb7 28.R1c2
Ne4 29.Rc6 f4 30.Ra6 Re8 31.Rcc6 Nd2 32.Rxa4 Nc4 33.Raxc4 dxc4 34.Rxc4 f6 
35.a4 fxe5 36.Nf3 Kg7 37.Nxe5 Kf6 38.Ng4+ Kf5 39.g3 e5 40.gxf4 exf4 41.
Rc5+ Kg6 42.h4 Re2+ 43.Kh3 Rxb2 44.Rg5+ Kf7 45.Rf5+ Ke6 46.Rf6+ Kd5 47.
Rxf4 Rb3+ 48.Kg2 Rc7 49.Nf2 Rc2 50.h5 Ke5 51.Rf3 Rb4 52.Kg3 Rxa4 53.b6 Ra8
54.Ng4+ Kd6 55.Nf6 Rh8 56.Rb3 Rcc8 57.Kf4 Rhf8 58.b7 Rb8 59.Kg5 Rf7 60.h6 
Ke7 61.Re3+ Kf8 62.Rf3 Ke7 1/2-1/2